| 000 | 00381nam a2200169Ia 4500 | ||
|---|---|---|---|
| 008 | 180424s9999 xx 000 0 und d | ||
| 084 | _aT28 D2 | ||
| 100 | _a"Dakshinamoorthy, A" | ||
| 245 | 0 | _aIngurunooru | |
| 250 | _a\\200400TAMGPMX | ||
| 260 | _aNCBH | ||
| 260 | _b2004 | ||
| 260 | _cMadras | ||
| 300 | _a660p. | ||
| 500 | _aincludes index and biblioraphy | ||
| 942 | _cBK | ||
| 999 |
_c81244 _d81244 |
||